000 01063cam a22002894a 4500
003 OSt
005 20251111132111.0
008
020 _a9780201657838 (Paperback)
040 _cNUST
_aNUST
_beng
_dNUST
_erda
050 _aQA76.9.035 FOW
100 1 _aFowler, Martin
_eAuthor
245 1 0 _aUML distilled :
_ba brief guide to the standard object modeling language /
_cMartin Fowler and Kendall Scott.
250 _aSecond edition.
260 _aReading :
_bAddison-Wesley,
_c©2000.
300 _axxi, 185 pages :
_bIllustrations ;
_c24 cm.
336 _2rdacontent
_atext
_btxt
337 _2rdamedia
_aunmediated
_bn
338 _2rdacarrier
_avolume
_bnc
440 1 _aThe Addison-Wesley object technology series.
504 _aIncludes bibliographical references.
650 0 _aObject-oriented methods (Computer science)
650 0 _aComputer software
_xDevelopment
650 0 _aUML (Computer science)
700 1 _aScott, Kendall
_eAuthor
942 _cBOOKS
_kQA
_mFOW
_2lcc
_eSecond edition.
_hQA76.9.035 FOW
_n0
999 _c129869
_d129869